000 00266nam a22001217a 4500
003 SGT
082 _bCHA
100 _aCHATTERJEE, D.
245 _aIIM KOZHIKODE SOCIETY & MANAGEMENT REVIEW
260 _aINDIA
_bSAGE PUB.
_c2022
300 _a252
942 _2ddc
_cBV
999 _c29935
_d29935